A pain in the back pocket (Record no. 74826)

MARC details
000 -LEADER
fixed length control field 01058cab a2200217 4500
001 - CONTROL NUMBER
control field ABS68696
008 - FIXED-LENGTH DATA ELEMENTS--GENERAL INFORMATION
fixed length control field 050221n2005 000 0 eng u
035 ## - SYSTEM CONTROL NUMBER
System control number (Sirsi) u128858
100 ## - MAIN ENTRY--PERSONAL NAME
Personal name Smith, A.
245 #2 - TITLE STATEMENT
Title A pain in the back pocket
260 ## - PUBLICATION, DISTRIBUTION, ETC.
Date of publication, distribution, etc. 2005
490 ## - SERIES STATEMENT
Series statement Building
Volume/sequential designation 270(8366) 28 February 2005, 60-61(2)
520 ## - SUMMARY, ETC.
Summary, etc. Discusses the impact of the chromium VI Directive (Directive 2003/53/EC) which is now in force and requires that cement workers be treated to protect them from a form of dermatitis caused by the presence of the metal chromium. This will cause cement prices to rise and is just the start of a series of major cost increases in 2005 with two other new major pieces of legislation being introduced; the EU Emissions Trading Scheme and the working time directive which will push prices up by 15% in the next few months.
590 ## - LOCAL NOTE (RLIN)
Local note ABS
650 ## - SUBJECT ADDED ENTRY--TOPICAL TERM
Topical term or geographic name entry element DIRECTIVE 2003/53/EC
650 ## - SUBJECT ADDED ENTRY--TOPICAL TERM
Topical term or geographic name entry element CHROMIUM
650 ## - SUBJECT ADDED ENTRY--TOPICAL TERM
Topical term or geographic name entry element CEMENT
650 ## - SUBJECT ADDED ENTRY--TOPICAL TERM
Topical term or geographic name entry element HAZARDOUS SUBSTANCES
690 ## - LOCAL SUBJECT ADDED ENTRY--TOPICAL TERM (OCLC, RLIN)
Topical term or geographic name as entry element BUILT ENVIRONMENT-BUILDING STANDARDS
942 ## - ADDED ENTRY ELEMENTS (KOHA)
Suppress in OPAC 0
Holdings
Withdrawn status Lost status Source of classification or shelving scheme Damaged status Not for loan Home library Current library Shelving location Date acquired Total Checkouts Full call number Barcode Date last seen Copy number Price effective from Koha item type
    Dewey Decimal Classification     London London Journal article 21/02/2005   ABS68696 128858-1001 06/08/2019 1 06/08/2019 Journal article